| 000 | 00412nam a22001457a 4500 | ||
|---|---|---|---|
| 005 | 20250602155153.0 | ||
| 008 | 250602b |||||||| |||| 00| 0 eng d | ||
| 020 | _a0801033373 | ||
| 050 |
_aBV 215 _bEAS |
||
| 100 | _aEASTMAN, DICK | ||
| 245 |
_aTHE HOUR THAT CHANGES THE WORLD _bA PRACTICAL PLAN FOR PERSONAL PRAYER |
||
| 260 |
_aMICHIGAN _bBAKER BOOK HOUSE _cc1985 |
||
| 300 |
_a174p.; _bills |
||
| 942 |
_2lcc _cBK _n0 |
||
| 999 |
_c6152 _d6152 |
||